Culture Générale - Série 1217 - Statistiques

Statistiques générales
  • Ce quiz a été pris 92 fois
  • Le résultat moyen est 6 sur 10
Statistiques - réponses
Question Réponse % Correct
Quelle plante, ayant orné la couronne de César, peut être "sauce" ? laurier
89%
Quel D.R.O.M (Département et Région d'outre-mer) a une frontière terrestre avec le Brésil ? Guyane
88%
Si vous êtes atteint de dextrocardie, quel organe se trouve anormalement à droite de votre thorax ? coeur
87%
Familièrement, on appelle "carabins", les étudiants en... médecine
78%
On dit d'un véhicule conçu pour être utilisé sur terre ou dans l'eau qu'il est... amphibie
71%
Dans la bande dessinée "Le Sphinx d'or", dans quel pays César envoie-t-il Alix ? Égypte
60%
Quel nom japonais désigne un auteur de mangas ? mangaka
42%
L'acier est un métal obtenu par un alliage de fer et de... carbone
28%
Quel joueur américain de tennis a remporté le tournoi de Wimbledon en 1981, 1983 et 1984 ? John McEnroe
25%
En 1997, dans la chanson "Je zappe et je mate", quel rappeur avoue être un accro du petit écran ? Passi
20%
Aucun quiz correspondant
Distribution des résultats
% des personnes avec chaque résultat
Percentile par nombre de réponses
Votre historique - résultats
Vous n’avez pas pris ce quiz